Gregg Shorthand Manual Simplified (Record no. 581)

000 -LEADER
fixed length control field 00668nam a22002297a 4500
005 - DATE AND TIME OF LATEST TRANSACTION
control field 20210420081402.0
008 - FIXED-LENGTH DATA ELEMENTS--GENERAL INFORMATION
fixed length control field 201214s1955 ||||| |||| 00| 0 eng d
040 ## - CATALOGING SOURCE
Original cataloging agency eng
Transcribing agency DLC
Modifying agency eng
041 ## - LANGUAGE CODE
Language code of text/sound track or separate title eng
080 ## - UNIVERSAL DECIMAL CLASSIFICATION NUMBER
Universal Decimal Classification number 811
Item number G-79
100 ## - MAIN ENTRY--PERSONAL NAME
9 (RLIN) 471
Personal name Gregg, Robert John
245 ## - TITLE STATEMENT
Title Gregg Shorthand Manual Simplified
Statement of responsibility, etc. / by: McGraw-Hill Book Company Inc.
250 ## - EDITION STATEMENT
Edition statement 2nd edition
260 ## - PUBLICATION, DISTRIBUTION, ETC.
Place of publication, distribution, etc. New York
Name of publisher, distributor, etc. McGraw-Hill Book Company Inc.
Date of publication, distribution, etc. 1955
300 ## - PHYSICAL DESCRIPTION
Extent 319 p.
Other physical details ill.
365 ## - TRADE PRICE
Price amount 4.75 usd
650 #0 - SUBJECT ADDED ENTRY--TOPICAL TERM
9 (RLIN) 445
Topical term or geographic name entry element Linguistics
653 ## - INDEX TERM--UNCONTROLLED
Uncontrolled term ლინგვისტიკა
700 ## - ADDED ENTRY--PERSONAL NAME
9 (RLIN) 472
Personal name Leslie, A. Louis
700 ## - ADDED ENTRY--PERSONAL NAME
9 (RLIN) 473
Personal name Zoubek, E. Charles
942 ## - ADDED ENTRY ELEMENTS (KOHA)
Source of classification or shelving scheme
Koha item type Books
Edition 2
Holdings
Withdrawn status Lost status Source of classification or shelving scheme Damaged status Not for loan Permanent location Current location Date acquired Inventory number Total Checkouts Full call number Barcode Date last seen Price effective from Koha item type
          Ken Walker International University Ken Walker International University 12/14/2020 449   811 G-79 449 12/14/2020 12/14/2020 Books

Powered by Koha